Quiz da França - Statistics

Estatísticas Gerais
  • Esse quiz foi jogado 11 vezes
  • A pontuação média é 8 de 10
Estatísticas das Respostas
Questão Resposta % Correto
Qual destes pratos é tradicional da culinária Francesa ? Coq au Vin
100%
Quem foi o imperador francês derrotado na batalha de Waterloo? Napoleão Bonaparte
100%
Qual o nome da catedral Parisiense que sofreu um grande Incêndio em 2019 Notre-Dame
100%
Qual é o nome do Famoso palácio situado perto de Paris ? Versalhes
100%
Qual é o lema da República Francesa ? Liberdade, Igualdade e Fraternidade
90%
Em que ano ocorreu a Revolução Francesa ? 1789
80%
Qual detas regiões Francesa é famosa pela produção de vinho espumante ? Champagne
80%
Qual destas ilhas fazem parte da França ? Córsega
70%
Qual é a montanha mais alta da França ? Monte Branco
60%
Quem escreveu o Romance "Os Miseráveis" ? Victor Hugo
60%
Nenhum quiz correspondente encontrado
Distribuição das Pontuações
Porcentagem de Pessoas com Cada Pontuação
Percentil de Números Respondidos
Sua Pontuação Histórica
Você não jogou esse quiz